Disaster management : (Record no. 122406)

MARC details
000 -LEADER
fixed length control field 00828nam a22002537a 4500
005 - DATE AND TIME OF LATEST TRANSACTION
control field 20170124105909.0
010 ## - LIBRARY OF CONGRESS CONTROL NUMBER
LC control number B-089299
020 ## - INTERNATIONAL STANDARD BOOK NUMBER
International Standard Book Number 9715610064
Terms of availability 00
035 ## - SYSTEM CONTROL NUMBER
System control number B-089299
037 ## - SOURCE OF ACQUISITION
Source of stock number/acquisition Cen Lib/Ret
040 ## - CATALOGING SOURCE
Original cataloging agency DPL
Language of cataloging EN
082 ## - DEWEY DECIMAL CLASSIFICATION NUMBER
Classification number 658.4770202
100 ## - MAIN ENTRY--PERSONAL NAME
Personal name Carter, W. Nick
9 (RLIN) 117378
245 ## - TITLE STATEMENT
Title Disaster management :
Remainder of title a disaster manager's book /
Statement of responsibility, etc by W. Nick Carter
260 ## - PUBLICATION, DISTRIBUTION, ETC. (IMPRINT)
Place of publication, distribution, etc Manila
Name of publisher, distributor, etc Asian Development Bank
Date of publication, distribution, etc 1991
270 ## - ADDRESS
Address P.O. Box 789, 0980
City Manila
300 ## - PHYSICAL DESCRIPTION
Extent xvii, 373p.
Dimensions 25cm(pbk)
500 ## - GENERAL NOTE
General note includes appendix
650 ## - SUBJECT ADDED ENTRY--TOPICAL TERM
Topical term or geographic name as entry element Disaster
Form subdivision Management
9 (RLIN) 117379
650 ## - SUBJECT ADDED ENTRY--TOPICAL TERM
Topical term or geographic name as entry element Asian Development Bank
9 (RLIN) 117380
650 ## - SUBJECT ADDED ENTRY--TOPICAL TERM
Topical term or geographic name as entry element आपदा
Form subdivision प्रबंधन
9 (RLIN) 559
650 ## - SUBJECT ADDED ENTRY--TOPICAL TERM
Topical term or geographic name as entry element एशियाई विकास बैंक
9 (RLIN) 117381
942 ## - ADDED ENTRY ELEMENTS (KOHA)
Source of classification or shelving scheme Dewey Decimal Classification
Koha item type English Books
Classification part 658.4770202
Call number suffix CAR
Holdings
Withdrawn status Lost status Damaged status Not for loan Collection code Home library Current library Date acquired Source of acquisition Cost, normal purchase price Total Checkouts Full call number Barcode Date last seen Copy number Cost, replacement price Price effective from Koha item type
      Not For Loan Reference Central Library Central Library 21/05/2015 Cen Lib/Ret 0.00   658.4770202 CAR B-089299 21/05/2015 1 0.00 15/09/2016 English Books

© Delhi Public Library
Hit Counter
free hit counter